=LDR 00000nam 2200000 4500 =001 INLIS000000000026433 =005 20130612124856 =008 ***********************************ind** =035 ##$$0010-061300000026433 =041 ##$$a ind =082 ##$$a 305.56 =090 ##$$a 305.56, RED m =100 ##$$a Redfield, Robert =245 ##$$a Masyarakat Petani dan Kebudayaan, Robert Redfield; penerjemah, Daniel Dhakidae =260 ##$$a 1985 $b Jakarta =300 ##$$a 113 hlm., 17 cm =650 ##$$a Masyarakat Petani =850 ##$$a NBPNMAT